000
00334nam a2200133Ia 4500
008
151213s9999 xx 000 0 und d
245
_a
SAS Guide to Macro Processing Version - 6
250
_a
2nd
260
_a
Cary - ne- USA
_b
SAS Institution
_c
1990
300
_a
3008 p.
650
_a
Computer
650
_a
Computer
999
_c
2095
_d
2095